Invariants of Behavior [electronic resource] : Constancy and Variability in Neural Systems / by Mario Negrello.
Record details
- ISBN: 9781441988041
- Physical Description: XIX, 251p. 65 illus., 45 illus. in color. digital.
- Edition: 1.
- Publisher: New York, NY : Springer New York, 2011.
Search for related items by subject
| Subject: | Medicine. Neurosciences. Computer science. Neurobiology. Biomedicine. Neurosciences. Computation by Abstract Devices. Neurobiology. |
Search for related items by series
Electronic resources
| LDR | 01333nam a22003855i 4500 | ||
|---|---|---|---|
| 001 | 3946 | ||
| 003 | CONS | ||
| 005 | 20121025180132.0 | ||
| 007 | cr nn 008mamaa | ||
| 008 | 110601s2011 xxu| s |||| 0|eng d | ||
| 020 | . | ‡a9781441988041 ‡9978-1-4419-8804-1 | |
| 024 | 7 | . | ‡a10.1007/978-1-4419-8804-1 ‡2doi |
| 035 | . | ‡a(DE-He213)978-1-4419-8804-1 | |
| 050 | 4. | ‡aRC321-580 | |
| 072 | 7. | ‡aPSAN ‡2bicssc | |
| 072 | 7. | ‡aMED057000 ‡2bisacsh | |
| 100 | 1 | . | ‡aNegrello, Mario. |
| 245 | 1 | 0. | ‡aInvariants of Behavior ‡h[electronic resource] : ‡bConstancy and Variability in Neural Systems / ‡cby Mario Negrello. |
| 250 | . | ‡a1. | |
| 260 | . | ‡aNew York, NY : ‡bSpringer New York, ‡c2011. | |
| 300 | . | ‡aXIX, 251p. 65 illus., 45 illus. in color. ‡bdigital. | |
| 490 | 0 | . | ‡aSpringer Series in Cognitive and Neural Systems ; ‡v1 |
| 650 | 0. | ‡aMedicine. | |
| 650 | 0. | ‡aNeurosciences. | |
| 650 | 0. | ‡aComputer science. | |
| 650 | 0. | ‡aNeurobiology. | |
| 650 | 1 | 4. | ‡aBiomedicine. |
| 650 | 2 | 4. | ‡aNeurosciences. |
| 650 | 2 | 4. | ‡aComputation by Abstract Devices. |
| 650 | 2 | 4. | ‡aNeurobiology. |
| 710 | 2 | . | ‡aSpringerLink (Online service) |
| 773 | 0 | . | ‡tSpringer eBooks |
| 776 | 0 | 8. | ‡iPrinted edition: ‡z9781441988034 |
| 830 | 0. | ‡aSpringer Series in Cognitive and Neural Systems ; ‡v1 | |
| 856 | 4 | 0. | ‡uhttp://dx.doi.org/10.1007/978-1-4419-8804-1 ‡9CONS |
| 950 | . | ‡aBiomedical and Life Sciences (Springer-11642) | |
| 901 | . | ‡a3946 ‡b ‡c3946 ‡tbiblio ‡sSystem Local | |